Catalog

Record Details

Catalog Search



Principy sociální politiky  Cover Image Book Book

Principy sociální politiky / Vladimír Štípek.

Record details

  • ISBN: 978-80-271-5571-2
  • ISBN: 978-80-271-7674-8
  • ISBN: 978-80-271-7673-1
  • Physical Description: 200 stran : grafy, mapy.
  • Edition: První české vydání
  • Publisher: Praha : Grada, 2025.

Content descriptions

General Note:
Obsahuje bibliografii a rejstřík
Subject: sociální politika
ekonomické aspekty
sociální skupiny
důchodové systémy
social policy
economic aspects
social groups
pension systems
Genre: monografie
monographs

Available copies

  • 2 of 2 copies available at Common Catalog SPOK.

Holds

  • 0 current holds with 2 total copies.
Show Only Available Copies
Location Call Number / Copy Notes Barcode Shelving Location Status Due Date
Jabok Library SPo-1/Š 424480046885 Odborná literatura Novinky -
Jabok Library SPo-1/Š 424480046886 Odborná literatura Available -

LDR 01448nam a22004337i 4500
00158411
003CZ-PrJAB
00520250121145331.0
008250121s2025 xr e 0|1 0 cze d
020 . ‡a978-80-271-5571-2 ‡q(brožováno)
020 . ‡a978-80-271-7674-8 ‡q(ePub)
020 . ‡a978-80-271-7673-1 ‡q(pdf)
035 . ‡a(CZ PrSKC)002948846
040 . ‡aABB019 ‡bcze ‡erda
072 7. ‡a36 ‡xZajištění duševních a materiálních potřeb ‡2Konspekt ‡918
080 . ‡a36 ‡2MRF
080 . ‡a33 ‡2MRF
080 . ‡a316.35 ‡2MRF
080 . ‡a(048.8) ‡2MRF
1001 . ‡aŠtípek, Vladimír, ‡d1948- ‡7jcu2010578619 ‡4aut
24510. ‡aPrincipy sociální politiky / ‡cVladimír Štípek.
250 . ‡aPrvní české vydání
264 1. ‡aPraha : ‡bGrada, ‡c2025.
300 . ‡a200 stran : ‡bgrafy, mapy.
336 . ‡atext ‡btxt ‡2rdacontent
338 . ‡asvazek ‡bnc ‡2rdacarrier
500 . ‡aObsahuje bibliografii a rejstřík
65007. ‡asociální politika ‡7ph116210 ‡2czenas
65007. ‡aekonomické aspekty ‡7ph137591 ‡2czenas
65007. ‡asociální skupiny ‡7ph125811 ‡2czenas
65007. ‡adůchodové systémy ‡7ph119756 ‡2czenas
65009. ‡asocial policy ‡2eczenas
65009. ‡aeconomic aspects ‡2eczenas
65009. ‡asocial groups ‡2eczenas
65009. ‡apension systems ‡2eczenas
655 7. ‡amonografie ‡7fd132842 ‡2czenas
655 9. ‡amonographs ‡2eczenas
910 . ‡aABG312
995 . ‡aska
901 . ‡a58411 ‡bAUTOGEN ‡c58411 ‡tbiblio

Additional Resources